[Event "Ceske Budejovice GM-A"]
[Site "Ceske Budejovice"]
[Date "2025.07.06"]
[Round "9"]
[White "Zeman, Matyas"]
[Black "Haring, Filip"]
[Result "1/2-1/2"]
[WhiteElo "2318"]
[BlackElo "2466"]
[PlyCount "89"]
[EventDate "2025.06.28"]
[EventType "tourn"]
[EventRounds "9"]
[EventCountry "CZE"]
[EventCategory "10"]
[SourceTitle "CB28_2025"]
[SourceDate "2025.07.09"]
[SourceVersion "1"]
[SourceVersionDate "2025.07.09"]
[SourceQuality "1"]

1. d4 Nf6 2. Nf3 e6 3. e3 b6 4. Bd3 Bb7 5. 0-0 d5 6. b3 Bd6 7. c4 0-0 8. cxd5 exd5 9. Ba3 c5 10. Nc3 Na6 11. Nb5 Bb8 12. Rc1 Qe7 13. Qe2 Ne4 14. Nc3 Nc7 15. Nd2 Nxc3 16. Rxc3 Ne6 17. Nf3 Bd6 18. Rfc1 g6 19. Ba6 Rad8 20. Bxb7 Qxb7 21. h3 Rfe8 22. R3c2 Bf8 23. Qb5 a6 24. Qd3 Rc8 25. Bb2 Red8 26. dxc5 bxc5 27. Bf6 Rd6 28. Be5 Rd7 29. Rd1 a5 30. Rdc1 Ra8 31. h4 a4 32. Ng5 axb3 33. axb3 Nxg5 34. hxg5 Ra3 35. Rxc5 Bxc5 36. Rxc5 Rd8 37. Bc3 d4 38. Bxd4 Rxb3 39. Qc4 Rb4 40. Qc3 Rb1+ 41. Kh2 Rb3 42. Qc4 Rb4 43. Qc3 Rb3 44. Qc4 Rb4 45. Qc3 1/2-1/2

[Event "Ceske Budejovice GM-A"]
[Site "Ceske Budejovice"]
[Date "2025.07.04"]
[Round "7"]
[White "Rubes, Jan"]
[Black "Zeman, Matyas"]
[Result "1-0"]
[WhiteElo "2426"]
[BlackElo "2318"]
[PlyCount "67"]
[EventDate "2025.06.28"]
[EventType "tourn"]
[EventRounds "9"]
[EventCountry "CZE"]
[EventCategory "10"]
[SourceTitle "CB28_2025"]
[SourceDate "2025.07.09"]
[SourceVersion "1"]
[SourceVersionDate "2025.07.09"]
[SourceQuality "1"]

1. d4 d5 2. Nf3 Nf6 3. c4 e6 4. g3 c5 5. cxd5 cxd4 6. Bg2 Qxd5 7. Qxd4 Nc6 8. Qxd5 Nxd5 9. a3 Be7 10. e4 Nb6 11. 0-0 e5 12. Nc3 Be6 13. Re1 f6 14. Nb5 0-0-0 15. Be3 Kb8 16. Bxb6 axb6 17. Bf1 Na5 18. Rac1 Rc8 19. Nd2 Rhd8 20. Nb1 Nc4 21. Rc2 Nd6 22. Rxc8+ Rxc8 23. N5c3 Nc4 24. Bxc4 Rxc4 25. Rd1 Kc8 26. b4 g6 27. f3 Kc7 28. Nb5+ Kc6 29. N1c3 h5 30. Kf2 g5 31. Ke3 Bc8 32. Na7+ Kc7 33. Nd5+ Kd8 34. Nxc8 1-0

[Event "CZE-chT1E 2425"]
[Site "Czech Republic"]
[Date "2025.03.22"]
[Round "10.2"]
[White "Szotkowski, Jakub"]
[Black "Zeman, Matyas"]
[Result "1/2-1/2"]
[WhiteElo "2298"]
[BlackElo "2331"]
[PlyCount "45"]
[EventDate "2024.10.20"]
[EventType "team-tourn"]
[EventRounds "11"]
[EventCountry "CZE"]
[SourceTitle "CB16_2025"]
[SourceDate "2025.04.16"]
[SourceVersion "1"]
[SourceVersionDate "2025.04.16"]
[SourceQuality "1"]
[WhiteTeam "Trinec"]
[BlackTeam "Brno Moravska Slavia II"]
[WhiteTeamCountry "CZE"]
[BlackTeamCountry "CZE"]

1. d4 d5 2. c4 e6 3. Nc3 c5 4. cxd5 exd5 5. Nf3 Nf6 6. g3 Nc6 7. Bg2 cxd4 8. Nxd4 Bc5 9. Nb3 Bb6 10. 0-0 d4 11. Na4 0-0 12. Bg5 h6 13. Nxb6 axb6 14. Bxc6 bxc6 15. Bxf6 Qxf6 16. Qxd4 Qd8 17. Rfd1 Be6 18. Qc3 Qe8 19. Nd4 c5 20. Nxe6 Qxe6 21. Qb3 Qxe2 22. Qxb6 Rxa2 23. Qxc5 1/2-1/2

[Event "Titled Tuesday intern op 04th Feb Late"]
[Site "Chess.com INT"]
[Date "2025.02.04"]
[Round "1"]
[White "Zeman, Matyas"]
[Black "Guevara Sanchez, Erick Marvin"]
[Result "1-0"]
[WhiteElo "2320"]
[BlackElo "2085"]
[PlyCount "65"]
[EventDate "2025.02.04"]
[EventType "swiss (blitz)"]
[EventRounds "11"]
[EventCountry "USA"]
[SourceTitle "CB07_2025"]
[SourceDate "2025.02.12"]
[SourceVersion "1"]
[SourceVersionDate "2025.02.12"]
[SourceQuality "1"]

1. d4 Nf6 2. Bg5 Ne4 3. h4 d5 4. Nd2 Nd7 5. Nxe4 dxe4 6. e3 f6 7. Bf4 c5 8. d5 Nb6 9. c4 e5 10. Bg3 Bd6 11. b3 f5 12. Ne2 0-0 13. h5 f4 14. Bh4 Qe8 15. Nc3 Bf5 16. g4 Bd7 17. Nxe4 Nc8 18. Be2 f3 19. Bxf3 Qf7 20. Be2 Be7 21. Bg3 Nd6 22. Qc2 Rae8 23. 0-0-0 a5 24. a4 Nc8 25. Bxe5 Bf6 26. Nxf6+ gxf6 27. Bg3 f5 28. gxf5 Bxf5 29. Bd3 Ne7 30. Rdg1 Bxd3 31. Qxd3 Qf3 32. Be5+ Kf7 33. Rg7# 1-0

[Event "Titled Tuesday intern op 21st Jan Late"]
[Site "Chess.com INT"]
[Date "2025.01.21"]
[Round "4"]
[White "Ivanisevic, Ivan"]
[Black "Zeman, Matyas"]
[Result "1-0"]
[WhiteElo "2540"]
[BlackElo "2317"]
[PlyCount "41"]
[EventDate "2025.01.21"]
[EventType "swiss (blitz)"]
[EventRounds "11"]
[EventCountry "USA"]
[SourceTitle "CB05_2025"]
[SourceDate "2025.01.29"]
[SourceVersion "1"]
[SourceVersionDate "2025.01.29"]
[SourceQuality "1"]

1. d4 Nf6 2. Nc3 d5 3. Bf4 e6 4. Nb5 Na6 5. e3 c6 6. Nc3 Qb6 7. a3 Bd7 8. Nf3 c5 9. Rb1 cxd4 10. exd4 Nb8 11. Bd3 Nc6 12. Ne2 Be7 13. c3 Na5 14. b4 Nc4 15. Bxc4 dxc4 16. Ne5 Bc6 17. Nxc4 Qa6 18. Ne3 Qxa3 19. 0-0 Ne4 20. Ra1 Qb3 21. Qxb3 1-0

[Event "Titled Tuesday intern op 21st Jan Late"]
[Site "Chess.com INT"]
[Date "2025.01.21"]
[Round "3"]
[White "Zeman, Matyas"]
[Black "Goltsev, Dmitry"]
[Result "1/2-1/2"]
[WhiteElo "2317"]
[BlackElo "2226"]
[PlyCount "76"]
[EventDate "2025.01.21"]
[EventType "swiss (blitz)"]
[EventRounds "11"]
[EventCountry "USA"]
[SourceTitle "CB05_2025"]
[SourceDate "2025.01.29"]
[SourceVersion "1"]
[SourceVersionDate "2025.01.29"]
[SourceQuality "1"]

1. e4 e6 2. d4 d5 3. Bd3 c5 4. exd5 exd5 5. Nf3 Nf6 6. 0-0 Be7 7. Re1 0-0 8. Bg5 Nc6 9. dxc5 Bxc5 10. Nc3 Bg4 11. h3 Bh5 12. Bxf6 Qxf6 13. Nxd5 Qxb2 14. Rb1 Qxa2 15. Rxb7 Rad8 16. c4 Bxf2+ 17. Kh1 Bxe1 18. Qxe1 Bxf3 19. gxf3 Rb8 20. Bxh7+ Kxh7 21. Qh4+ Kg6 22. Qg4+ Kh6 23. Qh4+ Kg6 24. Qg4+ Kh7 25. Qh5+ Kg8 26. Nf6+ gxf6 27. Qg4+ Kh8 28. Qh4+ Kg7 29. Qg4+ Kh7 30. Qh4+ Kg6 31. Qg4+ Kh6 32. Qh4+ Kg7 33. Qg4+ Kh8 34. Qh4+ Kg8 35. Qg4+ Kh7 36. Qh4+ Kg6 37. Qg4+ Kh6 38. Qh4+ Kg7 1/2-1/2

[Event "CZE-chT1E 2425"]
[Site "Czech Republic"]
[Date "2024.11.24"]
[Round "3.3"]
[White "Zeman, Matyas"]
[Black "Rasik, Vitezslav"]
[Result "1/2-1/2"]
[WhiteElo "2331"]
[BlackElo "2415"]
[PlyCount "42"]
[EventDate "2024.10.20"]
[EventType "team-tourn"]
[EventRounds "11"]
[EventCountry "CZE"]
[SourceTitle "CB16_2025"]
[SourceDate "2025.04.16"]
[SourceVersion "1"]
[SourceVersionDate "2025.04.16"]
[SourceQuality "1"]
[WhiteTeam "Brno Moravska Slavia II"]
[BlackTeam "Poruba Slavoj II"]
[WhiteTeamCountry "CZE"]
[BlackTeamCountry "CZE"]

1. d4 d6 2. e4 g6 3. Nf3 Nf6 4. Nbd2 Bg7 5. Bb5+ c6 6. Bd3 0-0 7. 0-0 Qc7 8. a4 Nbd7 9. Re1 Nh5 10. Bf1 b6 11. c3 a6 12. g3 Rb8 13. Bg2 b5 14. Nf1 e5 15. Ne3 Nhf6 16. Qc2 Re8 17. dxe5 dxe5 18. Nd2 Nc5 19. axb5 cxb5 20. b4 Ne6 21. Nd5 Nxd5 1/2-1/2

[Event "CZE-chT 2425"]
[Site "Czech Republic"]
[Date "2024.11.03"]
[Round "2.8"]
[White "Zeman, Matyas"]
[Black "Vedral, Oldrich"]
[Result "1/2-1/2"]
[WhiteElo "2332"]
[BlackElo "2203"]
[PlyCount "137"]
[EventDate "2024.11.01"]
[EventType "team-tourn"]
[EventRounds "11"]
[EventCountry "CZE"]
[SourceTitle "CB45_2024"]
[Source "ChessBase"]
[SourceDate "2024.11.06"]
[SourceVersion "1"]
[SourceVersionDate "2024.11.06"]
[SourceQuality "1"]
[WhiteTeam "Brno Moravska Slavia"]
[BlackTeam "Oaza Loznice.cz"]
[WhiteTeamCountry "CZE"]
[BlackTeamCountry "CZE"]

1. d4 Nf6 2. Nf3 g6 3. Nbd2 Bg7 4. e4 d6 5. Bb5+ c6 6. Bd3 Qc7 7. 0-0 0-0 8. c3 e5 9. Re1 Re8 10. a4 Nbd7 11. a5 d5 12. exd5 cxd5 13. dxe5 Nxe5 14. Rxe5 Rxe5 15. Nxe5 Qxe5 16. Nf3 Qc7 17. h3 Bd7 18. Be3 a6 19. Bb6 Qd6 20. Qd2 Re8 21. Re1 Rxe1+ 22. Qxe1 Bc6 23. Nd4 Bd7 24. Qe3 Nh5 25. Ne2 Qe6 26. Bd4 Qxe3 27. Bxe3 Be5 28. g4 Ng7 29. f4 Bc7 30. Bb6 Bd6 31. Kg2 Ne6 32. Kf3 Kf8 33. Be3 Bc6 34. Nd4 Ba4 35. Nxe6+ fxe6 36. Bd4 Kf7 37. Be5 Bc5 38. b4 Ba7 39. h4 Bc6 40. Kg3 h6 41. h5 gxh5 42. gxh5 Bd7 43. Kg4 Be3 44. Bg6+ Ke7 45. Kf3 Bd2 46. Ke2 Bc1 47. Kd3 Bb5+ 48. Kd4 Be2 49. f5 exf5 50. Bxf5 Kd8 51. Bg6 Bf3 52. Bf7 Bd2 53. Kc5 Be3+ 54. Bd4 Bxd4+ 55. Kxd4 Kc7 56. Kc5 Kc8 57. Kd6 Kb8 58. Bg6 Ka7 59. Ke5 b6 60. Kf6 bxa5 61. bxa5 Kb7 62. Kg7 Kc6 63. Kxh6 Kb5 64. Kg5 Bxh5 65. Bxh5 Kc4 66. Be2+ Kxc3 67. Bxa6 Kb4 68. Bb7 Kxa5 69. Bxd5 1/2-1/2

[Event "Titled Tuesday intern op 03rd Sep Early"]
[Site "Chess.com INT"]
[Date "2024.09.03"]
[Round "3"]
[White "Bilan, Danila"]
[Black "Zeman, Matyas"]
[Result "0-1"]
[WhiteElo "2303"]
[BlackElo "2324"]
[PlyCount "104"]
[EventDate "2024.09.03"]
[EventType "swiss (blitz)"]
[EventRounds "11"]
[EventCountry "USA"]
[SourceTitle "EXT 2025"]
[Source "ChessBase"]
[SourceDate "2024.10.14"]
[SourceVersion "1"]
[SourceVersionDate "2024.10.14"]
[SourceQuality "1"]

1. d4 Nf6 2. Nf3 d5 3. c4 e6 4. Nc3 c5 5. cxd5 Nxd5 6. e4 Nxc3 7. bxc3 cxd4 8. cxd4 Bb4+ 9. Bd2 Bxd2+ 10. Qxd2 0-0 11. Bc4 Nd7 12. 0-0 b6 13. d5 Nc5 14. dxe6 Bxe6 15. Bxe6 Nxe6 16. Rfd1 Qxd2 17. Rxd2 Rfd8 18. Rad1 Rxd2 19. Rxd2 Rc8 20. g3 Nc5 21. e5 Kf8 22. Ng5 h6 23. Nh3 Ke7 24. f4 Ne4 25. Re2 Rc1+ 26. Kg2 Nc3 27. Rd2 Ra1 28. Kf3 Rxa2 29. Rd3 Na4 30. Nf2 Nc5 31. Rd6 Rxf2+ 32. Kxf2 Ne4+ 33. Ke3 Nxd6 34. exd6+ Kxd6 35. Kd4 b5 36. g4 a5 37. h4 a4 38. g5 hxg5 39. fxg5 g6 40. Kd3 Ke5 41. Kc3 Kf4 42. Kb4 Kg4 43. Kxb5 a3 44. Ka4 a2 45. Kb4 a1Q 46. Kc5 Qe5+ 47. Kc6 Kxh4 48. Kd7 Kxg5 49. Kd8 f5 50. Kd7 f4 51. Kc6 f3 52. Kb7 f2 0-1

[Event "Titled Tuesday intern op 03rd Sep Early"]
[Site "Chess.com INT"]
[Date "2024.09.03"]
[Round "8"]
[White "Kowalczyk, Pawel"]
[Black "Zeman, Matyas"]
[Result "1-0"]
[WhiteElo "2283"]
[BlackElo "2324"]
[PlyCount "93"]
[EventDate "2024.09.03"]
[EventType "swiss (blitz)"]
[EventRounds "11"]
[EventCountry "USA"]
[SourceTitle "EXT 2025"]
[Source "ChessBase"]
[SourceDate "2024.10.14"]
[SourceVersion "1"]
[SourceVersionDate "2024.10.14"]
[SourceQuality "1"]

1. e4 c5 2. Ne2 Nc6 3. g3 g6 4. Bg2 Bg7 5. c3 e5 6. 0-0 Nge7 7. d3 0-0 8. f4 d5 9. fxe5 dxe4 10. d4 cxd4 11. cxd4 Nf5 12. Bxe4 Ncxd4 13. Bf4 Qb6 14. Nxd4 Nxd4 15. Rf2 Bf5 16. Nc3 Rad8 17. Bxf5 Nxf5 18. Qf1 Rfe8 19. Re1 Nd4 20. Kh1 Qc6+ 21. Qg2 Qxg2+ 22. Kxg2 h6 23. h4 Ne6 24. Ne4 Rd5 25. Bxh6 Rxe5 26. Bxg7 Kxg7 27. Nd6 Rxe1 28. Nxe8+ Kf8 29. Nd6 f5 30. Nxb7 Ke7 31. Na5 Nd4 32. Rd2 Ne6 33. Nc6+ Kf6 34. Nxa7 f4 35. Nc6 Re3 36. gxf4 Nxf4+ 37. Kf2 Rh3 38. a4 Rxh4 39. a5 Rh2+ 40. Ke3 Rxd2 41. Kxd2 Nd5 42. a6 Ke6 43. a7 Nb6 44. Na5 Kd5 45. Kd3 g5 46. b4 Ke5 47. Nc4+ 1-0

[Event "Titled Tuesday intern op 03rd Sep Early"]
[Site "Chess.com INT"]
[Date "2024.09.03"]
[Round "4"]
[White "Vovk, Orest"]
[Black "Zeman, Matyas"]
[Result "0-1"]
[WhiteElo "2315"]
[BlackElo "2324"]
[PlyCount "60"]
[EventDate "2024.09.03"]
[EventType "swiss (blitz)"]
[EventRounds "11"]
[EventCountry "USA"]
[SourceTitle "EXT 2025"]
[Source "ChessBase"]
[SourceDate "2024.10.14"]
[SourceVersion "1"]
[SourceVersionDate "2024.10.14"]
[SourceQuality "1"]

1. h4 d5 2. h5 h6 3. e4 dxe4 4. Nc3 Nf6 5. Qe2 Bf5 6. Qb5+ Bd7 7. Qxb7 Nc6 8. Bb5 Rb8 9. Qa6 Rb6 10. Qa4 e6 11. a3 a6 12. Bxc6 Bxc6 13. Qc4 Bd6 14. Nge2 0-0 15. d3 exd3 16. Qxd3 e5 17. b4 e4 18. Qc4 Be5 19. Be3 Bb5 20. Nxb5 axb5 21. Qa2 Bxa1 22. Qxa1 Ra6 23. Bd4 Qa8 24. Rh3 Rd8 25. Bb2 Qd5 26. Qc1 Rad6 27. Nc3 Qc4 28. Qe3 Nd5 29. Qxe4 Nxc3 30. Qxc4 Rd1# 0-1

[Event "Pardubice Czech op-E 35th"]
[Site "Pardubice"]
[Date "2024.07.12"]
[Round "2.3"]
[White "Bacak, Petr Sr"]
[Black "Zeman, Matyas"]
[Result "1/2-1/2"]
[WhiteElo "1903"]
[BlackElo "2308"]
[PlyCount "98"]
[EventDate "2024.07.11"]
[EventType "team-swiss"]
[EventRounds "7"]
[EventCountry "CZE"]
[SourceTitle "CBM 221 Extra"]
[Source "ChessBase"]
[SourceDate "2024.09.30"]
[SourceVersion "1"]
[SourceVersionDate "2024.09.30"]
[SourceQuality "1"]
[WhiteTeam "Kromeriz Slavia"]
[BlackTeam "Brno Moravska Slavia"]
[WhiteTeamCountry "CZE"]
[BlackTeamCountry "CZE"]

1. e4 c5 2. c3 Nf6 3. e5 Nd5 4. d4 cxd4 5. Nf3 Nc6 6. cxd4 d6 7. Bc4 Nb6 8. Bb5 Bd7 9. Nc3 dxe5 10. Nxe5 Nxe5 11. dxe5 Bxb5 12. Qxd8+ Rxd8 13. Nxb5 a6 14. Nc3 e6 15. 0-0 Be7 16. Bf4 Nc4 17. Nd1 Rd4 18. Bg3 0-0 19. b3 Na5 20. Ne3 Rfd8 21. Rfd1 Nc6 22. Rxd4 Rxd4 23. Kf1 h5 24. h3 h4 25. Bh2 Kf8 26. Rd1 Bc5 27. Rc1 Ba3 28. Rc4 Ke8 29. Ke2 Rxc4 30. Nxc4 Bc5 31. Bf4 Kd7 32. f3 b5 33. Nb2 Nd4+ 34. Kd3 Nf5 35. Ke4 Kc6 36. Nd3 a5 37. Ne1 Bf2 38. Nd3 Bb6 39. Ne1 Bd4 40. Nd3 b4 41. Ne1 Kb5 42. Nd3 Bc3 43. Bg5 a4 44. Nc1 a3 45. Ne2 Bb2 46. Bf4 Kc5 47. Bg5 Kb5 48. Bf4 Kc5 49. Bg5 Kb5 1/2-1/2

[Event "Pardubice Czech op-E 35th"]
[Site "Pardubice"]
[Date "2024.07.12"]
[Round "3.3"]
[White "Zeman, Matyas"]
[Black "Bauer, Jindrich"]
[Result "1-0"]
[WhiteElo "2308"]
[BlackElo "2086"]
[PlyCount "75"]
[EventDate "2024.07.11"]
[EventType "team-swiss"]
[EventRounds "7"]
[EventCountry "CZE"]
[SourceTitle "CBM 221 Extra"]
[Source "ChessBase"]
[SourceDate "2024.09.30"]
[SourceVersion "1"]
[SourceVersionDate "2024.09.30"]
[SourceQuality "1"]
[WhiteTeam "Brno Moravska Slavia"]
[BlackTeam "Kolesovice Cesky Lev"]
[WhiteTeamCountry "CZE"]
[BlackTeamCountry "CZE"]

1. e4 c5 2. Nf3 d6 3. Bb5+ Bd7 4. c4 Nc6 5. Nc3 e6 6. d4 Nxd4 7. Nxd4 cxd4 8. Bxd7+ Qxd7 9. Qxd4 Nf6 10. 0-0 Qc6 11. b3 Be7 12. Ba3 a6 13. Rfd1 0-0 14. Bxd6 Rfd8 15. e5 Bxd6 16. exd6 Rac8 17. Na4 Nd7 18. Rac1 b5 19. Nb2 bxc4 20. Nxc4 Qb5 21. Rc3 Rc5 22. Rg3 g6 23. Qh4 Qb8 24. Qe7 Nf8 25. Rgd3 Rd7 26. Qf6 Qd8 27. Qf4 Rf5 28. Qe4 Qf6 29. f3 Rd8 30. b4 Nd7 31. g3 h5 32. f4 e5 33. Ne3 exf4 34. Nxf5 gxf5 35. Qxf4 Ne5 36. Rd5 Ng4 37. Rxf5 Qb2 38. Qg5+ 1-0

[Event "Ceske Budejovice op"]
[Site "Ceske Budejovice"]
[Date "2024.07.07"]
[Round "9"]
[White "Schnider, Gert"]
[Black "Zeman, Matyas"]
[Result "1/2-1/2"]
[WhiteElo "2371"]
[BlackElo "2308"]
[PlyCount "44"]
[EventDate "2024.06.29"]
[EventType "swiss"]
[EventRounds "9"]
[EventCountry "CZE"]
[SourceTitle "CBM 221 Extra"]
[Source "ChessBase"]
[SourceDate "2024.09.30"]
[SourceVersion "1"]
[SourceVersionDate "2024.09.30"]
[SourceQuality "1"]

1. d4 Nf6 2. c4 e6 3. Nc3 d5 4. cxd5 Nxd5 5. e4 Nxc3 6. bxc3 c5 7. Rb1 Be7 8. Nf3 0-0 9. Bc4 Nc6 10. 0-0 Qc7 11. Qe2 Rd8 12. Rd1 b6 13. d5 Na5 14. Bd3 c4 15. Bc2 e5 16. Nd2 Bc5 17. Kh1 Qe7 18. f4 exf4 19. Nf3 Bb7 20. Qf1 Be3 21. Bxe3 fxe3 22. Re1 f5 1/2-1/2

[Event "Ceske Budejovice op"]
[Site "Ceske Budejovice"]
[Date "2024.07.02"]
[Round "4"]
[White "Zeman, Matyas"]
[Black "Ermitsch, Michael"]
[Result "1-0"]
[WhiteElo "2308"]
[BlackElo "2068"]
[PlyCount "57"]
[EventDate "2024.06.29"]
[EventType "swiss"]
[EventRounds "9"]
[EventCountry "CZE"]
[SourceTitle "CBM 221 Extra"]
[Source "ChessBase"]
[SourceDate "2024.09.30"]
[SourceVersion "1"]
[SourceVersionDate "2024.09.30"]
[SourceQuality "1"]

1. e4 c5 2. Nf3 d6 3. Bb5+ Nd7 4. Ba4 Ngf6 5. 0-0 g6 6. Re1 Bg7 7. c3 0-0 8. d4 Nb6 9. Bb3 Bg4 10. Nbd2 cxd4 11. cxd4 Rc8 12. h3 Bd7 13. e5 Nfd5 14. Ne4 Bf5 15. Ng3 Be6 16. Ng5 Qd7 17. Nxe6 Qxe6 18. Qe2 Qd7 19. Bd2 dxe5 20. dxe5 e6 21. Rad1 Qe7 22. Qe4 Qc5 23. Qh4 Nc4 24. Ne4 Qb5 25. Nf6+ Bxf6 26. exf6 Nxd2 27. Bxd5 h5 28. Qf4 Kh7 29. Bxe6 1-0

[Event "Ceske Budejovice op"]
[Site "Ceske Budejovice"]
[Date "2024.07.01"]
[Round "3"]
[White "Chval, Zdenek1"]
[Black "Zeman, Matyas"]
[Result "0-1"]
[WhiteElo "2026"]
[BlackElo "2308"]
[PlyCount "94"]
[EventDate "2024.06.29"]
[EventType "swiss"]
[EventRounds "9"]
[EventCountry "CZE"]
[SourceTitle "CBM 221 Extra"]
[Source "ChessBase"]
[SourceDate "2024.09.30"]
[SourceVersion "1"]
[SourceVersionDate "2024.09.30"]
[SourceQuality "1"]

1. e4 c6 2. d4 d5 3. exd5 cxd5 4. Bd3 Nc6 5. c3 Qc7 6. Ne2 Bg4 7. f3 Bh5 8. Bf4 Qd7 9. 0-0 e6 10. Nd2 Bg6 11. Bxg6 hxg6 12. Re1 Nf6 13. Nf1 Nh5 14. Qd2 Nxf4 15. Nxf4 Rc8 16. Nd3 Bd6 17. g3 Kf8 18. Ne3 Rh5 19. Ng4 Re8 20. Re2 Qc7 21. Rae1 a5 22. Nge5 Nxe5 23. Nxe5 Bxe5 24. dxe5 Qc5+ 25. Kg2 Rc8 26. g4 Rh6 27. Qe3 Qxe3 28. Rxe3 Ke7 29. b3 Rc6 30. Rc1 b5 31. c4 Rh8 32. c5 b4 33. Re2 Rhc8 34. Rec2 g5 35. Kf2 f6 36. exf6+ gxf6 37. Kg3 e5 38. h4 gxh4+ 39. Kxh4 Ke6 40. Kg3 d4 41. f4 Kd5 42. fxe5 fxe5 43. g5 Rg8 44. Kh4 e4 45. Rf2 e3 46. Rf4 e2 47. Kg4 Re6 0-1

[Event "Titled Tuesday intern op 14th May Early"]
[Site "Chess.com INT"]
[Date "2024.05.14"]
[Round "1"]
[White "Mayank, Chakraborty"]
[Black "Zeman, Matyas"]
[Result "1/2-1/2"]
[WhiteElo "2421"]
[BlackElo "2309"]
[PlyCount "84"]
[EventDate "2024.05.14"]
[EventType "swiss (blitz)"]
[EventRounds "11"]
[EventCountry "USA"]
[SourceTitle "EXT 2025"]
[Source "ChessBase"]
[SourceDate "2024.10.14"]
[SourceVersion "1"]
[SourceVersionDate "2024.10.14"]
[SourceQuality "1"]

1. e4 e5 2. Nf3 Nc6 3. Bb5 a6 4. Ba4 Nf6 5. 0-0 b5 6. Bb3 Bc5 7. c3 d6 8. d4 Bb6 9. a4 Rb8 10. a5 Ba7 11. Bg5 Bg4 12. dxe5 Nxe5 13. Nbd2 h6 14. Bh4 0-0 15. h3 Bh5 16. Bc2 Ng6 17. Bxf6 Qxf6 18. g4 Nf4 19. gxh5 Nxh3+ 20. Kg2 Nf4+ 21. Kh2 Nxh5 22. Rg1 Bxf2 23. Rg4 b4 24. e5 Qe6 25. Rg2 Bc5 26. Ne4 Nf4 27. Rg3 bxc3 28. bxc3 Rb2 29. Rb1 Rfb8 30. Rxb2 Rxb2 31. Qc1 Nd3 32. Nf6+ Qxf6 33. exf6 Nxc1 34. Rxg7+ Kf8 35. Ne1 Bf2 36. Bh7 Bxe1+ 37. Kh1 Ke8 38. Bf5 Kf8 39. Rh7 Kg8 40. Rg7+ Kf8 41. Bh7 Ke8 42. Bf5 Kf8 1/2-1/2

[Event "CZE-chT1E 2324"]
[Site "Czech Republic"]
[Date "2024.04.14"]
[Round "11.3"]
[White "Jirousek, Jan"]
[Black "Zeman, Matyas"]
[Result "0-1"]
[WhiteElo "2073"]
[BlackElo "2308"]
[PlyCount "64"]
[EventDate "2023.10.22"]
[EventType "team-tourn"]
[EventRounds "11"]
[EventCountry "CZE"]
[SourceTitle "EXT 2025"]
[Source "ChessBase"]
[SourceDate "2024.10.14"]
[SourceVersion "1"]
[SourceVersionDate "2024.10.14"]
[SourceQuality "1"]
[WhiteTeam "Polabiny II"]
[BlackTeam "Brno Moravska Slavia II"]
[WhiteTeamCountry "CZE"]
[BlackTeamCountry "CZE"]

1. h4 d5 2. d4 c5 3. c3 Nc6 4. Nf3 Nf6 5. Bf4 Qb6 6. b3 cxd4 7. cxd4 Bg4 8. e3 e5 9. Bxe5 Bb4+ 10. Ke2 Ne4 11. a3 Qa6+ 12. Qd3 Qxd3+ 13. Kxd3 Nxf2+ 14. Ke2 Nxh1 15. axb4 Nxe5 16. dxe5 Ng3+ 17. Ke1 Nxf1 18. Kxf1 Bxf3 19. gxf3 0-0-0 20. Rxa7 Kb8 21. Ra2 Rhe8 22. f4 d4 23. Ke2 f6 24. exd4 Rxd4 25. Kf3 fxe5 26. fxe5 Rxb4 27. Nd2 Rxe5 28. Rc2 Rxh4 29. Nc4 Rc5 30. Re2 Rh3+ 31. Kg4 Rxb3 32. Re8+ Rc8 0-1

[Event "CZE-chT1E 2324"]
[Site "Czech Republic"]
[Date "2024.02.18"]
[Round "8.3"]
[White "Zeman, Matyas"]
[Black "Sosna, Jan"]
[Result "0-1"]
[WhiteElo "2308"]
[BlackElo "2281"]
[PlyCount "118"]
[EventDate "2023.10.22"]
[EventType "team-tourn"]
[EventRounds "11"]
[EventCountry "CZE"]
[SourceTitle "EXT 2025"]
[Source "ChessBase"]
[SourceDate "2024.10.14"]
[SourceVersion "1"]
[SourceVersionDate "2024.10.14"]
[SourceQuality "1"]
[WhiteTeam "Brno Moravska Slavia II"]
[BlackTeam "Vlcnov"]
[WhiteTeamCountry "CZE"]
[BlackTeamCountry "CZE"]

1. e4 e5 2. Nf3 Nc6 3. Bc4 Bc5 4. 0-0 Nf6 5. d3 d6 6. c3 a6 7. a4 Ba7 8. Nbd2 0-0 9. h3 Be6 10. Re1 Re8 11. Bxe6 fxe6 12. Qb3 Rb8 13. Nf1 Nh5 14. Bg5 Qd7 15. Be3 Rf8 16. Bxa7 Nxa7 17. Re3 Nc6 18. Ng3 Nf4 19. d4 exd4 20. cxd4 Ne7 21. Rc1 c6 22. Qa3 h6 23. a5 Rf7 24. Rb3 Rbf8 25. e5 d5 26. Qd6 Qxd6 27. exd6 Nf5 28. Re1 Nxd6 29. Ne5 Rc7 30. Rbe3 Nb5 31. Nf3 Rf6 32. b4 Re7 33. Nf1 Nd6 34. N1d2 Nf5 35. Rc3 Rg6 36. g3 Nxh3+ 37. Kf1 Ng5 38. Ne5 Rf6 39. Nb3 Ne4 40. Rf3 Nfd6 41. Kg2 Nf7 42. Rxf6 gxf6 43. Ng6 Re8 44. f3 Ned6 45. Nf4 Ng5 46. Nd3 Re7 47. Rh1 Kg7 48. Nf4 Kh7 49. Nh5 Ne8 50. g4 e5 51. Re1 e4 52. f4 Nf3 53. Rh1 f5 54. gxf5 Rf7 55. Ng3 Nd6 56. Rh5 Nxf5 57. Nc5 Nxg3 58. Kxg3 Nxd4 59. Kg4 Rg7+ 0-1

[Event "Titled Tuesday intern op 30th Jan Early"]
[Site "Chess.com INT"]
[Date "2024.01.30"]
[Round "2"]
[White "Bardyk, Artem"]
[Black "Zeman, Matyas"]
[Result "1-0"]
[WhiteElo "2206"]
[BlackElo "2321"]
[PlyCount "71"]
[EventDate "2024.01.30"]
[EventType "swiss (blitz)"]
[EventRounds "11"]
[EventCountry "USA"]
[SourceTitle "EXT 2025"]
[Source "ChessBase"]
[SourceDate "2024.10.14"]
[SourceVersion "1"]
[SourceVersionDate "2024.10.14"]
[SourceQuality "1"]

1. e4 e6 2. d4 d5 3. Nc3 Nf6 4. exd5 exd5 5. Bg5 Be7 6. Qd2 0-0 7. 0-0-0 c6 8. Bd3 b5 9. Re1 Be6 10. Nf3 a5 11. Ne5 a4 12. Kb1 b4 13. Nd1 b3 14. a3 bxc2+ 15. Qxc2 h6 16. h4 Qb6 17. Be3 Bxa3 18. g4 Ne4 19. Bxe4 dxe4 20. d5 Qb5 21. dxe6 Qxe5 22. bxa3 Na6 23. Nb2 Rab8 24. Rc1 Rb3 25. exf7+ Rxf7 26. Rhd1 Rfb7 27. Bd4 Qe7 28. Qc4+ Kh7 29. Qxa6 Qxa3 30. Rc2 c5 31. Be5 Qb4 32. g5 Rb6 33. Qc8 a3 34. Qf5+ Rg6 35. h5 a2+ 36. Ka1 1-0